00261nam a2200097Ia 4500008004100000100001900041245004400060245002000104260000900124856003000133160531s9999 xx 000 0 und d aMarans, David. aLogic Gallery, Aristotle to the Present cby David Marans c2013 uhttp://humbox.ac.uk/3682/